| 000 | 01223cam a2200373 a 4500 | ||
|---|---|---|---|
| 001 | 9521049 | ||
| 003 | OSt | ||
| 005 | 20150408114134.0 | ||
| 008 | 120124s2012 paua b 001 0 eng | ||
| 010 | _a 2012003303 | ||
| 016 | 7 |
_a101576854 _2DNLM |
|
| 016 | 7 |
_a016035625 _2Uk |
|
| 020 | _a9781437727654 (hardcover : alk. paper) | ||
| 020 | _a1437727654 (hardcover : alk. paper) | ||
| 035 | _a(OCoLC)ocn773978772 | ||
| 035 |
_a(OCoLC)773978772 _z(OCoLC)773025176 |
||
| 035 | _a(NNC)9521049 | ||
| 040 |
_aDNLM/DLC _beng _cDLC _dYDX _dBTCTA _dNLM _dUKMGB _dVET _dYDXCP _dCDX _dOCLCO |
||
| 042 | _apcc | ||
| 050 | 4 |
_aRC683.5.U5 _bC57 2012 |
|
| 060 | 0 | 0 |
_aWG 141.5.E2 _bP8942 2012 |
| 082 | 0 | 0 |
_a616.1207543 _223 |
| 245 | 0 | 4 |
_aThe practice of clinical echocardiography / _c[edited by] Catherine M. Otto. |
| 250 | _a4th ed. | ||
| 260 |
_aPhiladelphia, PA : _bElsevier/Saunders, _cc2012. |
||
| 300 |
_axvii, 942 p. : _bill. (some col.) ; _c29 cm. |
||
| 504 | _aIncludes bibliographical references and index. | ||
| 650 | 0 | _aEchocardiography. | |
| 650 | 1 | 2 | _aEchocardiography. |
| 650 | 2 | 2 |
_aCardiovascular Diseases _xultrasonography. _936119 |
| 700 | 1 |
_aOtto, Catherine M. _936120 |
|
| 942 |
_2ddc _cBOOK |
||
| 999 |
_c30135 _d264635 |
||